000 01231nam a22003017a 4500
005 20100917103042.0
007 sd ammalaaahaa
008 100917t xxu||||| |||| 00| 0 hin d
028 _aECLP. 5664
_bHis Master's Voice
035 _aGR-03217
040 _aSED/VEN
100 _aMangeshkar, Lata
_91184
245 _aThodisi bewafaii /
_cby Lata Mangeshkar ; Kishore Kumar ; music by Khaiyyaam ; lyrics by Gulzar
_h[sound recording] :
246 _aथोडीसी बेवफाई (लता मंगेशकर )
260 _aDum Dum India
_bHis Master's Voice
_c1980
300 _a1 sound disc [sound recording] :
_banalog, 331/3 rpm
_c12 in. (LP)
_fGramophone Record
500 _aBrief Record
500 _aHis Master's Voice
500 _aOrange
500 _aLong Play
505 _aHazzar rahen part 1 (Thodisi bewafaii) (Lata Mangeshkar) Ankhon mein hamne part 2 (Thodisi bewafaii) (Lata Mangeshkar)
650 _aClassical Music
_vFilmi Song
_xExcerpts
_zIndia
_920437
700 _aKishore Kumar
_920438
700 _aKhaiyyaam
_920439
700 _aGulzar
_920440
942 _2ddc
_cGR
999 _c46350
_d46350